000 02167cas a2200457 4500
001 10545037
003 AUA.1
005 20130528153857.0
007 t|
008 850720c19639999miufr p 0 a0eng c
010 _a 74645601
_zsc 76000812
022 _a0003-2980
_21
035 _a(OCoLC)ocm01780045
037 _b49104
040 _aMnMULS
_cMnMULS
_dMBTI
_dNSDP
_dDLC
_dOCoLC
_dAIP
_dNSDP
_dAIP
_dOCoLC
_dDLC
_dTNJ
_dOCoLC
042 _ansdp
_apcc
050 0 0 _aBR1
_b.A53a
110 2 _aAndrews University.
_bSeventh-Day Adventist Theological Seminary.
_936721
210 0 _aAndrews Univ. Semin. stud.
222 0 _aAndrews University Seminary studies
245 1 0 _aAndrews University Seminary studies.
260 _aBerrien Springs, Mich.,
_bAndrews University Press.
_cAutumn 2002
300 _bill.
_c23 cm.
_av.:
310 _a2 issues yearly,
_b<spring 1995- >
321 _aFrequency varies,
_b1963-
362 0 _aAutumn 2002
440 _aAndrews University Seminary Studies
_vVol.40, No.2
_936722
500 _a"Journal of the Seventh-Day Adventist Theological Seminary."
500 _aGenesis matriarchs engage feminism; The role of Hagar in Genesis 16; The Destruction of trees in the Moabite; The receiver and giver of great gift; The garden of Eden account: The Chiastic structure of Genesis 2-3; A metaphor for societal transition; Ancient Egypt's silence About the exodus Is Heschel's sabbath biblical;
590 _aAnnual, 1963-64; 2 no. a year, 1965-. "Journal of the Seventh-day Adventist Theological Seminary."
650 0 _aTheology
_vPeriodicals.
_936723
650 0 _aTheological seminaries
_xPeriodicals.
_936724
700 _aJerry Moon
_eEditor
_936725
906 _a7
_bcbc
_cserials
_du
_encip
_f19
_gn-oclcserc
936 _aSpring 1995 (surrogate) LIC
942 _2lcc
_cPER
_hBR1
_i.A53a 2002
999 _c10250
_d10250